<?xml version="1.0" encoding="UTF-8"?><?xml-stylesheet type="text/xsl" href="static/style.xsl"?><OAI-PMH xmlns="http://www.openarchives.org/OAI/2.0/" xmlns:xsi="http://www.w3.org/2001/XMLSchema-instance" xsi:schemaLocation="http://www.openarchives.org/OAI/2.0/ http://www.openarchives.org/OAI/2.0/OAI-PMH.xsd"><responseDate>2026-06-07T02:31:43Z</responseDate><request verb="GetRecord" identifier="oai:riubu.ubu.es:10259/6943" metadataPrefix="marc">https://riubu.ubu.es/oai/request</request><GetRecord><record><header><identifier>oai:riubu.ubu.es:10259/6943</identifier><datestamp>2024-05-17T09:44:51Z</datestamp><setSpec>com_10259.4_104</setSpec><setSpec>com_10259_2604</setSpec><setSpec>col_10259_6848</setSpec></header><metadata><record xmlns="http://www.loc.gov/MARC21/slim" xmlns:doc="http://www.lyncode.com/xoai" xmlns:xsi="http://www.w3.org/2001/XMLSchema-instance" xmlns:dcterms="http://purl.org/dc/terms/" xsi:schemaLocation="http://www.loc.gov/MARC21/slim http://www.loc.gov/standards/marcxml/schema/MARC21slim.xsd">
<leader>00925njm 22002777a 4500</leader>
<datafield tag="042" ind1=" " ind2=" ">
<subfield code="a">dc</subfield>
</datafield>
<datafield tag="720" ind1=" " ind2=" ">
<subfield code="a">Arroyo López, María Rosa</subfield>
<subfield code="e">author</subfield>
</datafield>
<datafield tag="720" ind1=" " ind2=" ">
<subfield code="a">Ruiz Sánchez, Tomás</subfield>
<subfield code="e">author</subfield>
</datafield>
<datafield tag="720" ind1=" " ind2=" ">
<subfield code="a">Mars Aicart, Lidón</subfield>
<subfield code="e">author</subfield>
</datafield>
<datafield tag="260" ind1=" " ind2=" ">
<subfield code="c">2021-07</subfield>
</datafield>
<datafield tag="520" ind1=" " ind2=" ">
<subfield code="a">The objective of this paper is to study the relationship between personal mobility and&#xd;
attitudes towards the environment related to travel behavior considering sociodemographic&#xd;
characteristics.&#xd;
The dataset used for this study was collected through a web-based survey carried out in&#xd;
Valencia (Spain) during 2017 and 1684 valid responses were obtained. In this research a&#xd;
subpart of the survey is used, including 5 items which measure attitudes towards the&#xd;
environment related to travel and 5 items to measure personal mobility. The items were&#xd;
measured using a 5 points Likert Scale. Additionally, individual and household&#xd;
demographic characteristics are considered.&#xd;
The methodology of this research consist on descriptive analysis and frequency&#xd;
distributions. Factor Analysis (Exploratory and Confirmatory) is used to construct the&#xd;
latent variables which measure attitudes and Mann-Whitney U is test are assessed to find&#xd;
significant differences among the variables of the study.&#xd;
Preliminary results show that environmental concerns are taken into account by women as&#xd;
a factor to decrease their car use, while men do not consider this factor that relevant. Next,&#xd;
young people and men carry our more activities while traveling in public transport, for&#xd;
instance: reading, listening to music or checking social networks. The results of this&#xd;
research are useful for the development of transport policies to promote sustainable&#xd;
transport.</subfield>
</datafield>
<datafield tag="024" ind2=" " ind1="8">
<subfield code="a">978-84-18465-12-3</subfield>
</datafield>
<datafield tag="024" ind2=" " ind1="8">
<subfield code="a">http://hdl.handle.net/10259/6943</subfield>
</datafield>
<datafield tag="024" ind2=" " ind1="8">
<subfield code="a">10.36443/10259/6943</subfield>
</datafield>
<datafield ind1=" " ind2=" " tag="653">
<subfield code="a">Movilidad</subfield>
</datafield>
<datafield ind1=" " ind2=" " tag="653">
<subfield code="a">Medio ambiente</subfield>
</datafield>
<datafield ind1=" " ind2=" " tag="653">
<subfield code="a">Mobility</subfield>
</datafield>
<datafield ind1=" " ind2=" " tag="653">
<subfield code="a">Environment</subfield>
</datafield>
<datafield tag="245" ind1="0" ind2="0">
<subfield code="a">Attitudes towards the environment related to travel and personal mobility</subfield>
</datafield>
</record></metadata></record></GetRecord></OAI-PMH>